|
|
|
|
| LEADER |
00000nam0a2200000 4500 |
| 001 |
250688 |
| 005 |
20231101232604.0 |
| 035 |
|
|
|a (RuTPU)RU\TPU\book\272906
|
| 090 |
|
|
|a 250688
|
| 100 |
|
|
|a 20140215d1988 k y0rusy50 ca
|
| 101 |
0 |
|
|a rus
|
| 102 |
|
|
|a KG
|
| 105 |
|
|
|a a z 001zy
|
| 200 |
1 |
|
|a Условия и способы ранней распалубки железобетонных изделий
|e сборник научных трудов
|f Фрунзенский политехнический институт (ФПИ) ; под ред. М. Ш. Тулемышева
|
| 210 |
|
|
|a Фрунзе
|c Изд-во ФПИ
|d 1988
|
| 215 |
|
|
|a 147 с.
|c ил.
|
| 320 |
|
|
|a Библиография в конце статей
|
| 606 |
1 |
|
|a Распалубливание
|2 stltpush
|3 (RuTPU)RU\TPU\subj\23802
|9 48329
|
| 610 |
1 |
|
|a строительные работы
|
| 610 |
1 |
|
|a бетон
|
| 610 |
1 |
|
|a железобетонные изделия
|
| 610 |
1 |
|
|a твердение
|
| 610 |
1 |
|
|a ускорение
|
| 610 |
1 |
|
|a бетонные работы
|
| 610 |
1 |
|
|a способы
|
| 675 |
|
|
|a 693.547
|v 3
|
| 702 |
|
1 |
|a Тулемышев
|b М. Ш.
|4 340
|
| 712 |
0 |
2 |
|a Фрунзенский политехнический институт (ФПИ)
|c (1954-1992)
|2 stltpush
|3 (RuTPU)RU\TPU\col\123
|
| 801 |
|
1 |
|a RU
|b 63413507
|c 20140215
|
| 801 |
|
2 |
|a RU
|b 63413507
|c 20140217
|g RCR
|
| 942 |
|
|
|c BK
|